000 00851nam a22002297a 4500
999 _c158806
_d158806
005 20181115111451.0
010 _aENG-124517
020 _c2995.00
_a9788131253892
035 _aEN-108049
037 _bDBAD/PUB
082 _a343.540929
100 _aBadri Vishal
245 _aNaushir Bharucha guide to the electricity laws/
_bby Badri Vishal; foreword by Shivaraj V. Patil
250 _a5th ed.
260 _aGurgaon
_bLexis Nexis
_c2018
270 _a14th floor,Building No-10, Tower-B,DLF Cyber City Phase-11
_bGurgaon
_e122002
300 _aciv, 1688p.(1-52p.)
_c25cm.(Hb)
500 _aAn exhaustive commentary on the Electricity Act, 2003, and the Electricity Rules, 2005 with CERC Rules and Regulaions
500 _aIt includes subject index
700 _a Patil, Shivaraj V.
942 _2ddc
_cEN
_mBAD
_h343.540929